000 01822cam a2200337 4500500
005 20260322003852.0
041 _afre
042 _adc
100 1 0 _aScola, Angelo
_eauthor
245 0 0 _aLa famille, sujet d’évangélisation. Note en vue de la xive Assemblée ordinaire du Synode des Évêques
260 _c2015.
500 _a85
520 _aCe texte veut apporter plusieurs précisions doctrinales et pratiques pour éclairer les situations particulières délicates rencontrées au synode d’octobre 2014 : le rapport entre doctrine et pastorale, la théologie de la vocation et de la mission de la famille, les défis pastoraux ( gender, secondes noces) et le rôle du témoignage de la famille chrétienne.
520 _aThe Family as the Subject of EvangelisationThis text wants to apply several doctrinal and practical clarifications in order to throw light on some particular and delicate situations presented to the synod of October 2014: the relation between doctrine and pastoral practice, the theology of vocation and of the mission of the family, pastoral challenges (gender, second marriages) and the role of the witness of the Christian family.
690 _acommunion
690 _adivorcés-remariés
690 _aévangélisation
690 _agender
690 _asynode sur la famille
690 _atémoignage
690 _athéologie du mariage
690 _acommunion
690 _adivorce and remarriage
690 _aevangelisation
690 _agender
690 _asynod on the family
690 _atheology of marriage
690 _awitness
786 0 _nNouvelle revue théologique | 137 | 4 | 2015-08-24 | p. 561-586 | 0029-4845
856 4 1 _uhttps://shs.cairn.info/revue-nouvelle-revue-theologique-2015-4-page-561?lang=fr&redirect-ssocas=7080
999 _c1735649
_d1735649